Statistics for All Portland, Oregon Neighborhoods

Click here to take the quiz!

General Stats

  • This quiz has been taken 49 times
  • The average score is 28 of 97

Answer Stats

#NeighborhoodPop.% Correct
13Downtown12,801
74%
44Pearl District5,997
66%
45King5,979
57%
60Laurelhurst4,549
54%
16St. Johns11,346
54%
49Goose Hollow5,433
49%
71Boise3,119
43%
12Cully12,959
43%
88Hollywood1,061
43%
9Lents20,156
43%
10Montavilla16,287
43%
19Mount Tabor10,037
43%
3North Portland67,340
43%
43Parkrose6,049
43%
18Sellwood-Moreland10,475
43%
4Woodstock40,902
43%
41Arbor Lodge6,065
40%
1East Portland145,766
40%
37Multnomah6,625
40%
70Reed3,141
40%
17Richmond11,320
40%
31Sunnyside7,155
40%
24Buckman8,472
37%
29Foster-Powell7,368
37%
53Kerns5,095
37%
58North Tabor4,701
37%
40Overlook6,093
37%
6South Portland25,606
37%
72Sullivan's Gulch3,043
37%
61Alameda4,012
34%
55Eastmoreland5,017
34%
79Forest Park2,360
34%
36Irvington6,684
34%
23Rose City Park8,903
34%
39South Tabor6,131
34%
56Woodlawn4,889
34%
64Brooklyn3,542
31%
15Northwest Portland11,455
31%
2Southwest Portland80,141
31%
11Brentwood-Darlington12,994
29%
66Eliot3,299
29%
87Lloyd District1,139
29%
22Northeast Portland9,362
29%
50University Park5,250
29%
46Argay5,788
26%
52Beaumont-Wilshire5,122
26%
73Cathedral Park3,033
26%
81Collins View2,055
26%
21Concordia9,564
26%
25Creston-Kenilworth8,234
26%
27Hillsdale7,436
26%
54Humboldt5,061
26%
30Kenton7,272
26%
95Linnton541
26%
32Piedmont7,025
26%
5Powellhurst-Gilbert30,639
26%
38Roseway6,185
26%
75Vernon2,883
26%
8Centennial20,587
23%
76Glenfair2,575
23%
65Grant Park3,469
23%
7Hazelwood23,462
23%
33Hosford-Abernethy6,932
23%
35Mill Park6,826
23%
28Mount Scott-Arleta7,397
23%
67Old Town-Chinatown3,295
23%
68Sabin3,192
23%
59Southwest Hills4,673
23%
82Sumner1,932
23%
93Arlington Heights691
20%
94Bridgeton640
20%
84Hillside1,285
20%
34Madison South6,918
20%
80Markham2,322
20%
20Portsmouth9,789
20%
69Russell3,157
20%
89Sylvan-Highlands1,060
20%
63West Portland Park3,775
20%
26Wilkes7,732
20%
57Ashcreek4,740
17%
90East Columbia753
17%
77Maplewood2,558
17%
74Arnold Creek2,930
14%
47Bridlemile5,698
14%
83Marshall Park1,427
14%
48Northwest Heights5,505
14%
85Burlingame1,279
11%
51Hayhurst5,185
11%
97Healy Heights133
11%
78Homestead2,556
11%
14Northwest District12,643
11%
42Parkrose Heights6,059
11%
62Pleasant Valley3,806
11%
92Sunderland718
11%
96Woodland Park302
11%
86Far Southwest1,246
9%
91Faloma725
0%

Score Distribution

Percentile by Number Answered

Percent of People with Each Score

Your Score History

You have not taken this quiz